Declaration or Constitution? Quiz Stats

 Plays Quiz Updated Oct 28, 2020

Support Sporcle.
Go Orange.
Score 0/20 Timer 05:00
0 Plays Today
Excerpt Declaration (D) or Constitution (C)? % Correct
When in the Course of human events...???
73.4%
We hold these truths to be self-evident...???
72.7%
all men are created equal...???
72.7%
Life, Liberty and the Pursuit of Happiness...???
71.9%
endowed by their Creator with certain unalienable Rights...???
71.8%
All legislative Powers herein granted...???
69.2%
promote the general Welfare...???
67.9%
our Lives, our Fortunes, and our sacred Honor...???
66.5%
insure domestic Tranquility...???
66%
do ordain and establish...???
65.9%
Excerpt Declaration (D) or Constitution (C)? % Correct
Governments are instituted among men...???
65.3%
We the People...???
65.3%
in Order to form a more perfect Union...???
64.1%
deriving their just powers from the consent of the governed...???
59.5%
done in Convention by the Unanimous Consent of the States...???
56.7%
to institute new Government...???
55.6%
secure the Blessings of Liberty to ourselves and our Posterity...???
52.9%
to provide new Guards for their future security...???
51.7%
the Representatives of the united States of America...???
38%
We have hereunto subscribed our Names...???
30%

From the Vault

Remove Ads.
Support Sporcle.
Get the best of Sporcle when you Go Orange. This ad-free experience offers more features, more stats, and more fun while also helping to support Sporcle. Thank you for becoming a member.

Show Comments

Extras

Top Quizzes Today


Score Distribution

Your Account Isn't Verified!

In order to create a playlist on Sporcle, you need to verify the email address you used during registration. Go to your Sporcle Settings to finish the process.

Report this User

Report this user for behavior that violates our Community Guidelines.

Details: